Biblioteca

The fourfold Gospel commentary (Registro nro. 47120)

Detalles MARC
000 -LÍDER
Campo fijo de descripción fija 01292cam a2200361Ia 4500
001 - NÚMERO DE CONTROL
Campo de control 732361
003 - IDENTIFICADOR DEL NÚMERO DE CONTROL
Campo de control CO-MdFUSB
005 - FECHA Y HORA DE LA ULTIMA TRANSACCIÓN
control field 20171120082902.0
008 - ELEMENTOS DE LONGITUD FIJA -- INFORMACIÓN GENERAL
Campo fijo de descripción fija -- Información general 061114t2006 enk b 000 0 eng
020 ## - NÚMERO INTERNACIONAL NORMALIZADO PARA LIBROS
Número Internacional Normalizado del libro 0281056919
020 ## - NÚMERO INTERNACIONAL NORMALIZADO PARA LIBROS
Número Internacional Normalizado del libro 9780281056910
029 1# - OTHER SYSTEM CONTROL NUMBER (OCLC)
OCLC library identifier NZ1
System control number 11023802
029 1# - OTHER SYSTEM CONTROL NUMBER (OCLC)
OCLC library identifier AU@
System control number 000042948079
040 ## - FUENTE DE CATALOGACIÓN
Agencia de catalogación original FDA
Agencia que realiza la transcripción CO-MdFUSB
Agencia que realiza la modificación YDXCP
-- CO-MdFUSB
Idioma de catalogación Español
Convenciones de la descripción rda
041 ## - CÓDIGO DE IDIOMA
Código de idioma para texto/pista de sonido o título separado eng
049 ## - LOCAL HOLDINGS (OCLC)
Holding library PTSS
082 04 - NÚMERO DE CLASIFICACIÓN DECIMAL DEWEY
Número de clasificación G 226.07
Número de la edición del Dewey 24
Clave de autor-Numero de item G822f
245 04 - TÍTULO
Título del Material The fourfold Gospel commentary
Mención de responsabilidad, etc. /edited by Andrew F. Gregory
264 #4 - PRODUCCIÓN, PUBLICACIÓN, DISTRIBUCIÓN, MANUFACTURA, Y COPYRIGHT
Lugar de producción, publicación, distribución, manufactura London :
Nombre del productor, publicador, distribuidor SPCK,
Fecha de producción, publicación, distribución, manufactura, o copyright ©2006.
300 ## - DESCRIPCIÓN FÍSICA
Extensión xii, 211 páginas. ;
Dimensiones 24 cm.
336 ## - TIPO DE CONTENIDO
Fuente rdacontent
Término de tipo de contenido texto
Código de tipo de contenido txt
337 ## - TIPO DE MEDIO
Fuente rdamedia
Nombre del tipo de medio sin mediación
Código del tipo de medio n
338 ## - TIPO DE SOPORTE
Fuente rdacarrier
Nombre del tipo de soporte volumen
Código Tipo de soporte nc
501 ## - NOTA DE “CON”
Nota de Contenido Introducción: el Evangelio cuádruple y el leccionario trienal - El Evangelio según Mateo - El Evangelio según San Marcos - El Evangelio según Lucas - El Evangelio según San Juan.
504 ## - NOTA DE BIBLIOGRAFÍA, ETC.
Nota de bibliografía, etc Includes bibliographical reference (p. 209-211).
653 ## - TÉRMINO DE INDIZACIÓN - NO CONTROLADO
Término no controlado Nuevo Testamento -- Comentarios -- Evangelios
700 1# - ASIENTO SECUNDARIO - NOMBRE PERSONAL
Nombre personal Gregory, Andrew F.
710 2# - ASIENTO SECUNDARIO - NOMBRE CORPORATIVO
Nombre corporativo o de jurisdicción como elemento de entrada Society for Promoting Christian Knowledge (Great Britain)
942 ## - TIPO DE MATERIAL (KOHA)
Tipo de Item KOHA Libros General
Existencias
Estado de Material Estado de Perdido Forma de Clasificación Estado de Dañado No para Préstamo Colección Tomo Biblioteca de Origen Biblioteca Permanente Fecha de Adquisición Total de Préstamos Signatura Topográfica Código de Barras Última vez visto Ejemplar/Existencia Fecha de Remplazo Tipo de Material
    Dewey Decimal Classification     Colección General   Biblioteca FUSBC Biblioteca FUSBC 24/08/2015   G 226.07 G822f 20098 12/12/2019 Ej. 1 26/01/2016 Libros General

Biblioteca FUSBC | Teléfono: (57+4) 349 88 10 Ext. 141| WhatsApp (+57) 3005338115 
E-mail: biblioteca@unisbc.edu.co | Calle 76 87-14 Robledo Palenque, Medellín, Colombia

Con tecnología Koha